Ballast water management (Record no. 12509)

000 -LEADER
fixed length control field 00556nam a22001817a 4500
008 - FIXED-LENGTH DATA ELEMENTS--GENERAL INFORMATION
fixed length control field 241001b 2023 ||||| |||| 00| 0 eng d
082 ## - DEWEY DECIMAL CLASSIFICATION NUMBER
Classification number 341.474
Item number ANW
100 ## - MAIN ENTRY--PERSONAL NAME
Personal name Anwar, Nadeem
245 ## - TITLE STATEMENT
Title Ballast water management
250 ## - EDITION STATEMENT
Edition statement 14th ed.
260 ## - PUBLICATION, DISTRIBUTION, ETC. (IMPRINT)
Place of publication, distribution, etc UK
Name of publisher, distributor, etc Witherby Publishing Group Ltd.
Date of publication, distribution, etc 2023
300 ## - PHYSICAL DESCRIPTION
Extent xvi, 421p.
650 ## - SUBJECT ADDED ENTRY--TOPICAL TERM
Topical term or geographic name as entry element Port State Authorities and Port State Control
650 ## - SUBJECT ADDED ENTRY--TOPICAL TERM
Topical term or geographic name as entry element Chemical, Biocide and Electrochemical Technologies
650 ## - SUBJECT ADDED ENTRY--TOPICAL TERM
Topical term or geographic name as entry element Ship Administration of BWM
700 ## - ADDED ENTRY--PERSONAL NAME
Personal name Churcher, Linda
Relator term Revised by
942 ## - ADDED ENTRY ELEMENTS (KOHA)
Item type Books
Holdings
Withdrawn status Lost status Source of classification or shelving scheme Damaged status Not for loan Collection code Permanent location Current location Shelving location Date acquired Total Checkouts Full call number Barcode Date last seen Date last borrowed Koha item type Public note
          Reference IMU-MPC Library IMU-MPC Library IMO Shelf 2024-10-01 1 341.474 ANW MPC6897 2025-10-10 2025-10-10 Books IMO Shelf
Copyright © 2021 Indian Maritime University, Mumbai Port Campus. All Rights Reserved. Managed & Maintained by Central Library, IMU-Mumbai

webs counters

Powered by Koha